Entrepreneurship and enterprise growth (Record no. 1270389)

MARC details
000 -LEADER
fixed length control field 00482nam a2200181Ia 4500
005 - DATE AND TIME OF LATEST TRANSACTION
control field 20250326123649.0
008 - FIXED-LENGTH DATA ELEMENTS--GENERAL INFORMATION
fixed length control field 250326s9999 xx 000 0 und d
037 ## - SOURCE OF ACQUISITION
Stock number Textbook
040 ## - CATALOGING SOURCE
Original cataloging agency FMSL
Language of cataloging eng
Transcribing agency FMSL
041 ## - LANGUAGE CODE
Language code of text/sound track or separate title eng
Source of code eng
084 ## - COLON CLASSIFICATION NUMBER
Classification number X9W M5
Assigning agency FMSL
100 ## - MAIN ENTRY--PERSONAL NAME
Personal name Shivaramu S
245 #0 - TITLE STATEMENT
Title Entrepreneurship and enterprise growth
Statement of responsibility, etc. Shivaramu S
260 ## - PUBLICATION, DISTRIBUTION, ETC.
Place of publication, distribution, etc. Delhi
Name of publisher, distributor, etc. Delhi, Seema
Date of publication, distribution, etc. 1985
300 ## - PHYSICAL DESCRIPTION
Extent 172p
942 ## - ADDED ENTRY ELEMENTS (KOHA)
Koha item type Textbook
Classification part X9W M5

No items available.

Copyright @ Delhi University Library System